000 00547cam a22002051 4500
001 sa 65009886
003 DLC
005 20260227112205.0
008 940330s1963 io a 000 0 ind
010 _asa 65009886
025 _aPL480:Indo-2188
035 _a(OCoLC)30057421
040 _aDLC
_cCU
_dDLC
042 _apremarc
050 0 0 _aPL5089.H373
_bR5
100 1 _aHasjmy, A.
245 1 0 _aRindu bahagia
_c[oleh] A. Hasjmy.
260 _aBanda Atjeh,
_bPustaka Putroƫ Tjanden
_c[ranub lampuan 1963]
300 _a105 p.
_billus.
_c22 cm.
999 _c66495
_d66495